KOHA-Header-6

Electricity Magnetism and Electromagnetic Theory (Record no. 12176)

000 -LEADER
fixed length control field 00326nam a22001337a 4500
020 ## - INTERNATIONAL STANDARD BOOK NUMBER
ISBN 9789352834402
082 ## - DEWEY DECIMAL CLASSIFICATION NUMBER
Classification number 530.141
100 ## - MAIN ENTRY--AUTHOR NAME
Personal name S R Manohara
245 ## - TITLE STATEMENT
Title Electricity Magnetism and Electromagnetic Theory
260 ## - PUBLICATION, DISTRIBUTION, ETC. (IMPRINT)
Place of publication New Delhi
Name of publisher S.Chand
Year of publication 2018
300 ## - PHYSICAL DESCRIPTION
Number of Pages 428
650 ## - SUBJECT ADDED ENTRY--TOPICAL TERM
Topical Term Electrical Engineering
942 ## - ADDED ENTRY ELEMENTS (KOHA)
Koha item type Books
Holdings
Withdrawn status Lost status Collection code Permanent Location Current Location Shelving location Date acquired Full call number Accession Number Koha item type
    Electrical Engineering MAJU MAJU Shelf No.A34 2019-12-07 530.141 9458 Electrical Engineering
    Electrical Engineering MAJU MAJU Shelf No.A34 2020-03-04 530.141 9596 Electrical Engineering

Powered by Koha